| LEADER 01174nam 2200277 a 4500 |
| 001 12334106883 |
| 003 ULIB |
| 008 030417s2551 th a sb 001 0 tha |
| 020 ^a9789740323709
|
| 060 4 ^aWC200^bก514 2551
|
| 245 00 ^aการวินิจฉัยโรคติดเชื้อแบคทีเรียทางการแพทย์ /^cวัชรินทร์ รังษีภาณุรัตน์ และคณะ
|
| 250 ^aพิมพ์ครั้งที่ 1
|
| 260 ^aกรุงเทพฯ :^bสำนักพิมพ์แห่งจุฬาลงกรณ์มหาวิทยาลัย,^c2551
|
| 300 ^a285 หน้า :^bภาพประกอบ
|
| 650 7 ^aโรคเกิดจากแบคทีเรีย^xการวินิจฉัยโรค
|
| 650 7 ^aการวินิจฉัยโรคทางห้องปฏิบัติการ
|
| 700 0 ^aวัชรินทร์ รังษีภาณุรัตน์
|
| 913 ^aImported by ULIBM Administrator
|
| 949 ^aImport form external file by ULIBM system
|
| 999 ^aสุณิสา
|